Countries of Africa Without a Map - Statistics

General Stats
  • This quiz has been taken 1,736 times
  • The average score is 48 of 54
Answer Stats
Country % Correct
Algeria
96%
D. R. Congo
94%
Egypt
94%
Niger
94%
South Africa
94%
Libya
93%
Morocco
93%
Nigeria
93%
Sudan
93%
Angola
92%
Rep. of the Congo
92%
South Sudan
92%
Guinea
91%
Mali
91%
Zambia
91%
Zimbabwe
91%
Chad
90%
Ethiopia
90%
Ghana
90%
Kenya
90%
Somalia
90%
Benin
89%
Lesotho
89%
Rwanda
89%
Togo
89%
Tunisia
89%
Botswana
88%
Djibouti
88%
Eritrea
88%
Eswatini
88%
Madagascar
88%
Mauritania
88%
Burundi
87%
Cameroon
87%
Central African Republic
87%
Equatorial Guinea
87%
Gambia
87%
Guinea-Bissau
87%
Liberia
87%
Namibia
87%
Senegal
87%
Tanzania
87%
Uganda
87%
Ivory Coast
86%
Mauritius
86%
Mozambique
86%
Gabon
85%
Malawi
85%
Seychelles
85%
Burkina Faso
84%
Cape Verde
84%
Comoros
84%
São Tomé and Príncipe
82%
Sierra Leone
82%
No matching quizzes found
Score Distribution
Percent of People with Each Score
Percentile by Number Answered
Your Score History
You have not taken this quiz